<?xml version="1.0" encoding="UTF-8"?>
<record
    xmlns:xsi="http://www.w3.org/2001/XMLSchema-instance"
    xsi:schemaLocation="http://www.loc.gov/MARC21/slim http://www.loc.gov/standards/marcxml/schema/MARC21slim.xsd"
    xmlns="http://www.loc.gov/MARC21/slim">

  <leader>02819nam a22004697aa4500</leader>
  <datafield tag="952" ind1=" " ind2=" ">
    <subfield code="0">0</subfield>
    <subfield code="1">0</subfield>
    <subfield code="4">0</subfield>
    <subfield code="7">0</subfield>
    <subfield code="a">03</subfield>
    <subfield code="b">03</subfield>
    <subfield code="d">2015-09-29</subfield>
    <subfield code="l">11</subfield>
    <subfield code="o">RM316 K8418 2012</subfield>
    <subfield code="p">03 008387</subfield>
    <subfield code="r">2018-04-02</subfield>
    <subfield code="s">2018-04-02</subfield>
    <subfield code="t">1</subfield>
    <subfield code="w">2015-09-29</subfield>
    <subfield code="y">LB</subfield>
  </datafield>
  <datafield tag="952" ind1=" " ind2=" ">
    <subfield code="0">0</subfield>
    <subfield code="1">0</subfield>
    <subfield code="2">lcc</subfield>
    <subfield code="4">0</subfield>
    <subfield code="7">0</subfield>
    <subfield code="a">20</subfield>
    <subfield code="b">20</subfield>
    <subfield code="d">2015-09-29</subfield>
    <subfield code="l">0</subfield>
    <subfield code="o">RM316 K11 2012</subfield>
    <subfield code="p">20 002767</subfield>
    <subfield code="r">2015-09-29</subfield>
    <subfield code="t">1 Max</subfield>
    <subfield code="w">2015-09-29</subfield>
    <subfield code="y">LB</subfield>
  </datafield>
  <datafield tag="952" ind1=" " ind2=" ">
    <subfield code="0">0</subfield>
    <subfield code="1">0</subfield>
    <subfield code="4">0</subfield>
    <subfield code="7">0</subfield>
    <subfield code="a">11</subfield>
    <subfield code="b">11</subfield>
    <subfield code="d">2015-10-07</subfield>
    <subfield code="l">3</subfield>
    <subfield code="o">RM316 K8418 2012</subfield>
    <subfield code="p">11 012749</subfield>
    <subfield code="r">2018-06-02</subfield>
    <subfield code="s">2018-06-01</subfield>
    <subfield code="t">1</subfield>
    <subfield code="w">2015-10-07</subfield>
    <subfield code="y">LB</subfield>
  </datafield>
  <datafield tag="952" ind1=" " ind2=" ">
    <subfield code="0">0</subfield>
    <subfield code="1">0</subfield>
    <subfield code="4">0</subfield>
    <subfield code="7">0</subfield>
    <subfield code="a">22</subfield>
    <subfield code="b">22</subfield>
    <subfield code="d">2015-10-20</subfield>
    <subfield code="l">0</subfield>
    <subfield code="o">RM316 K8418 2012</subfield>
    <subfield code="p">22 001187</subfield>
    <subfield code="r">2015-10-20</subfield>
    <subfield code="t">1</subfield>
    <subfield code="w">2015-10-20</subfield>
    <subfield code="y">LB</subfield>
  </datafield>
  <datafield tag="952" ind1=" " ind2=" ">
    <subfield code="0">0</subfield>
    <subfield code="1">0</subfield>
    <subfield code="2">lcc</subfield>
    <subfield code="4">0</subfield>
    <subfield code="7">0</subfield>
    <subfield code="a">22</subfield>
    <subfield code="b">22</subfield>
    <subfield code="d">2015-10-20</subfield>
    <subfield code="l">16</subfield>
    <subfield code="m">14</subfield>
    <subfield code="o"> RM316 K8418 2012</subfield>
    <subfield code="p">22 001188</subfield>
    <subfield code="r">2023-05-20</subfield>
    <subfield code="s">2023-05-15</subfield>
    <subfield code="t">2</subfield>
    <subfield code="w">2015-10-20</subfield>
    <subfield code="y">LB</subfield>
  </datafield>
  <datafield tag="952" ind1=" " ind2=" ">
    <subfield code="0">0</subfield>
    <subfield code="1">0</subfield>
    <subfield code="2">lcc</subfield>
    <subfield code="4">0</subfield>
    <subfield code="7">0</subfield>
    <subfield code="a">04</subfield>
    <subfield code="b">04</subfield>
    <subfield code="d">2015-10-27</subfield>
    <subfield code="l">17</subfield>
    <subfield code="o">RM316 K8418 2012</subfield>
    <subfield code="p">06 002830</subfield>
    <subfield code="r">2023-10-06</subfield>
    <subfield code="s">2020-03-10</subfield>
    <subfield code="t">1</subfield>
    <subfield code="w">2015-10-27</subfield>
    <subfield code="y">LB</subfield>
  </datafield>
  <datafield tag="952" ind1=" " ind2=" ">
    <subfield code="0">0</subfield>
    <subfield code="1">0</subfield>
    <subfield code="2">lcc</subfield>
    <subfield code="4">0</subfield>
    <subfield code="7">0</subfield>
    <subfield code="a">06</subfield>
    <subfield code="b">06</subfield>
    <subfield code="d">2015-10-27</subfield>
    <subfield code="l">3</subfield>
    <subfield code="o">RM316 K8418 2012</subfield>
    <subfield code="p">06 002831</subfield>
    <subfield code="r">2019-04-11</subfield>
    <subfield code="s">2019-04-11</subfield>
    <subfield code="t">2</subfield>
    <subfield code="w">2015-10-27</subfield>
    <subfield code="y">LB</subfield>
  </datafield>
  <datafield tag="952" ind1=" " ind2=" ">
    <subfield code="0">0</subfield>
    <subfield code="1">0</subfield>
    <subfield code="2">lcc</subfield>
    <subfield code="4">0</subfield>
    <subfield code="7">0</subfield>
    <subfield code="a">07</subfield>
    <subfield code="b">07</subfield>
    <subfield code="d">2015-11-14</subfield>
    <subfield code="l">6</subfield>
    <subfield code="m">2</subfield>
    <subfield code="o">RM316 K8418 2012</subfield>
    <subfield code="p">07 005513</subfield>
    <subfield code="r">2023-03-22</subfield>
    <subfield code="s">2023-03-22</subfield>
    <subfield code="t">1</subfield>
    <subfield code="w">2015-11-14</subfield>
    <subfield code="y">LB</subfield>
  </datafield>
  <datafield tag="952" ind1=" " ind2=" ">
    <subfield code="0">0</subfield>
    <subfield code="1">0</subfield>
    <subfield code="2">lcc</subfield>
    <subfield code="4">0</subfield>
    <subfield code="7">0</subfield>
    <subfield code="a">14</subfield>
    <subfield code="b">14</subfield>
    <subfield code="d">2015-09-24</subfield>
    <subfield code="l">8</subfield>
    <subfield code="m">2</subfield>
    <subfield code="o">RM316 K8418 2012</subfield>
    <subfield code="p">14 006035</subfield>
    <subfield code="r">2019-04-04</subfield>
    <subfield code="s">2019-04-04</subfield>
    <subfield code="t">1</subfield>
    <subfield code="w">2015-11-18</subfield>
    <subfield code="y">LB</subfield>
  </datafield>
  <datafield tag="952" ind1=" " ind2=" ">
    <subfield code="0">0</subfield>
    <subfield code="1">0</subfield>
    <subfield code="4">0</subfield>
    <subfield code="7">0</subfield>
    <subfield code="a">19</subfield>
    <subfield code="b">19</subfield>
    <subfield code="d">2015-12-05</subfield>
    <subfield code="l">0</subfield>
    <subfield code="o">RM316 K8418 2012</subfield>
    <subfield code="p">19 002439</subfield>
    <subfield code="r">2015-12-05</subfield>
    <subfield code="t">1</subfield>
    <subfield code="w">2015-12-05</subfield>
    <subfield code="y">LB</subfield>
  </datafield>
  <datafield tag="952" ind1=" " ind2=" ">
    <subfield code="0">0</subfield>
    <subfield code="1">0</subfield>
    <subfield code="2">lcc</subfield>
    <subfield code="4">0</subfield>
    <subfield code="7">0</subfield>
    <subfield code="a">08</subfield>
    <subfield code="b">08</subfield>
    <subfield code="d">2016-03-01</subfield>
    <subfield code="l">37</subfield>
    <subfield code="m">6</subfield>
    <subfield code="o">RM316 K8418 2012</subfield>
    <subfield code="p">08 005695</subfield>
    <subfield code="r">2023-03-17</subfield>
    <subfield code="s">2023-03-17</subfield>
    <subfield code="t">1</subfield>
    <subfield code="w">2016-03-01</subfield>
    <subfield code="y">LB</subfield>
  </datafield>
  <datafield tag="952" ind1=" " ind2=" ">
    <subfield code="0">0</subfield>
    <subfield code="1">0</subfield>
    <subfield code="2">lcc</subfield>
    <subfield code="4">0</subfield>
    <subfield code="7">0</subfield>
    <subfield code="a">13</subfield>
    <subfield code="b">13</subfield>
    <subfield code="d">2016-05-19</subfield>
    <subfield code="l">4</subfield>
    <subfield code="m">1</subfield>
    <subfield code="o">RM316 K8418 2012</subfield>
    <subfield code="p">13 003766</subfield>
    <subfield code="r">2018-12-08</subfield>
    <subfield code="s">2018-12-06</subfield>
    <subfield code="t">1</subfield>
    <subfield code="w">2016-05-19</subfield>
    <subfield code="y">LB</subfield>
  </datafield>
  <datafield tag="952" ind1=" " ind2=" ">
    <subfield code="0">0</subfield>
    <subfield code="1">0</subfield>
    <subfield code="2">lcc</subfield>
    <subfield code="4">0</subfield>
    <subfield code="7">0</subfield>
    <subfield code="a">21</subfield>
    <subfield code="b">21</subfield>
    <subfield code="d">2016-07-28</subfield>
    <subfield code="l">13</subfield>
    <subfield code="o">RM316 K8418 2012</subfield>
    <subfield code="p">21 003100</subfield>
    <subfield code="r">2023-09-29</subfield>
    <subfield code="s">2023-09-29</subfield>
    <subfield code="t">1</subfield>
    <subfield code="w">2016-07-28</subfield>
    <subfield code="y">LB</subfield>
  </datafield>
  <datafield tag="952" ind1=" " ind2=" ">
    <subfield code="0">0</subfield>
    <subfield code="1">0</subfield>
    <subfield code="4">0</subfield>
    <subfield code="7">0</subfield>
    <subfield code="a">18</subfield>
    <subfield code="b">18</subfield>
    <subfield code="d">2016-11-12</subfield>
    <subfield code="l">0</subfield>
    <subfield code="o">RM316 K8418 2012</subfield>
    <subfield code="p">18 003993</subfield>
    <subfield code="r">2024-07-12</subfield>
    <subfield code="t">1</subfield>
    <subfield code="w">2016-11-12</subfield>
    <subfield code="y">LB</subfield>
  </datafield>
  <datafield tag="999" ind1=" " ind2=" ">
    <subfield code="c">98205</subfield>
    <subfield code="d">98205</subfield>
  </datafield>
  <controlfield tag="005">20231102151853.0</controlfield>
  <controlfield tag="008">150929t20112012mx  |||| |||| 00| 0 spa d</controlfield>
  <datafield tag="020" ind1=" " ind2=" ">
    <subfield code="a">9786073111409</subfield>
  </datafield>
  <datafield tag="050" ind1="0" ind2="4">
    <subfield code="a">RM316</subfield>
    <subfield code="b">K8418 2012</subfield>
  </datafield>
  <datafield tag="100" ind1="1" ind2=" ">
    <subfield code="a">Kuhn, Cynthia</subfield>
    <subfield code="e">autor</subfield>
  </datafield>
  <datafield tag="240" ind1=" " ind2=" ">
    <subfield code="a">Buzzed: the staring facts about the most used and abused drugs from alcohol to extasy</subfield>
    <subfield code="l">espa&#xF1;ol</subfield>
  </datafield>
  <datafield tag="245" ind1="1" ind2="0">
    <subfield code="a">Drogas</subfield>
    <subfield code="b">: lo que hay que saber sobre las m&#xE1;s consumidas desde alcohol y el tabaco hasta el &#xE9;xtasis</subfield>
    <subfield code="c">/ Cynthia Kuhn, Scottt Swartzwelder, Wilkie Wilson ; traductor Clorinda Rea</subfield>
  </datafield>
  <datafield tag="250" ind1=" " ind2=" ">
    <subfield code="a">2a. edici&#xF3;n</subfield>
  </datafield>
  <datafield tag="260" ind1="3" ind2=" ">
    <subfield code="a">M&#xE9;xico</subfield>
    <subfield code="b">: Debate</subfield>
    <subfield code="c">, 2012</subfield>
  </datafield>
  <datafield tag="300" ind1=" " ind2=" ">
    <subfield code="a">439 p&#xE1;ginas</subfield>
  </datafield>
  <datafield tag="500" ind1=" " ind2=" ">
    <subfield code="a">Incluye: &#xED;ndice anal&#xED;tico (pp.419-439)</subfield>
  </datafield>
  <datafield tag="505" ind1=" " ind2=" ">
    <subfield code="a">Alcohol
Cafe&#xED;na
&#xC9;xtasis
Alucin&#xF3;genos
Drogas bot&#xE1;nicas
Inhaladores
Marihuana
Nicotina
Drogas opi&#xE1;ceas
Sedantes
Esteroides
Estimulantes
Principios b&#xE1;sicos del cerebro
Conceptos b&#xE1;sicos sobre las drogas
Adicci&#xF3;n</subfield>
  </datafield>
  <datafield tag="519" ind1=" " ind2=" ">
    <subfield code="a">Educaci&#xF3;n Mixta 
</subfield>
    <subfield code="b">Psicolog&#xED;a / </subfield>
    <subfield code="c">Tratamiento de adicciones / ( P20-2) / </subfield>
    <subfield code="d">(11 012749)</subfield>
  </datafield>
  <datafield tag="519" ind1=" " ind2=" ">
    <subfield code="a">Educaci&#xF3;n Mixta /
</subfield>
    <subfield code="b">Psicolog&#xED;a / </subfield>
    <subfield code="c">Tratamiento de Adicciones / </subfield>
    <subfield code="d">(03 008387)  </subfield>
  </datafield>
  <datafield tag="519" ind1=" " ind2=" ">
    <subfield code="a">Educaci&#xF3;n Mixta /
</subfield>
    <subfield code="b">Psicolog&#xED;a / </subfield>
    <subfield code="c">Tratamiento de Adicciones ( P20-1) /</subfield>
    <subfield code="d">(13 003766)  </subfield>
  </datafield>
  <datafield tag="519" ind1=" " ind2=" ">
    <subfield code="a">Plan Flexible /
</subfield>
    <subfield code="b">Psicolog&#xED;a / </subfield>
    <subfield code="c">Tratamiento de Adicciones P20 /</subfield>
    <subfield code="d">(21 003100)  </subfield>
  </datafield>
  <datafield tag="519" ind1=" " ind2=" ">
    <subfield code="a">Educaci&#xF3;n Mixta / </subfield>
    <subfield code="b">Psicolog&#xED;a / </subfield>
    <subfield code="c">Tratamiento de Adicciones (P20-3) / </subfield>
    <subfield code="d">(18 003993)</subfield>
  </datafield>
  <datafield tag="519" ind1=" " ind2=" ">
    <subfield code="a">Educaci&#xF3;n Mixta /</subfield>
    <subfield code="b">Psicolog&#xED;a /</subfield>
    <subfield code="c">Tratamiento de Adicciones (P20-1) /</subfield>
    <subfield code="d">(06 002830) , (06 002831)</subfield>
  </datafield>
  <datafield tag="519" ind1=" " ind2=" ">
    <subfield code="a">Material Complementario /
</subfield>
    <subfield code="d">(14 006035)</subfield>
  </datafield>
  <datafield tag="519" ind1=" " ind2=" ">
    <subfield code="a">Material Complementario /
</subfield>
    <subfield code="d">(14 006035)</subfield>
  </datafield>
  <datafield tag="519" ind1=" " ind2=" ">
    <subfield code="a">Educaci&#xF3;n Mixta /
</subfield>
    <subfield code="b">Pedagog&#xED;a /</subfield>
    <subfield code="d">(07 005513)</subfield>
  </datafield>
  <datafield tag="519" ind1=" " ind2=" ">
    <subfield code="a">Educaci&#xF3;n Mixta /
</subfield>
    <subfield code="b">Pedagog&#xED;a /</subfield>
    <subfield code="d">(07 005513)</subfield>
  </datafield>
  <datafield tag="519" ind1=" " ind2=" ">
    <subfield code="a">Educaci&#xF3;n Mixta /
</subfield>
    <subfield code="b">Psicologia /</subfield>
    <subfield code="c">Tratamiento de Adicciones (P20) /</subfield>
    <subfield code="d">(08 005695)</subfield>
  </datafield>
  <datafield tag="519" ind1=" " ind2=" ">
    <subfield code="a">Educaci&#xF3;n Mixta /
</subfield>
    <subfield code="b">Psicologia /</subfield>
    <subfield code="c">Tratamiento de Adicciones (P20-1) /</subfield>
    <subfield code="d">(20 0002767)</subfield>
  </datafield>
  <datafield tag="519" ind1=" " ind2=" ">
    <subfield code="a">Educaci&#xF3;n Mixta / </subfield>
    <subfield code="b">Psicolog&#xED;a / </subfield>
    <subfield code="c">Tratamiento de Adicciones (P20-2) / </subfield>
    <subfield code="d">(19 002439)</subfield>
  </datafield>
  <datafield tag="650" ind1="1" ind2="4">
    <subfield code="a">DESORDENES RELACIONADOS CON SUSTANCIA</subfield>
    <subfield code="v">OBRAS DE DIVULGACION</subfield>
  </datafield>
  <datafield tag="650" ind1="2" ind2="4">
    <subfield code="a">SISTEMA NERVIOSO</subfield>
    <subfield code="v">OBRAS DE DIVULGACION</subfield>
    <subfield code="x">EFECTOS DE LAS DROGAS SOBRE</subfield>
  </datafield>
  <datafield tag="650" ind1="3" ind2="4">
    <subfield code="a">ABUSO DE DROGAS</subfield>
    <subfield code="v">OBRAS DE DIVULGACI&#xD3;N </subfield>
  </datafield>
  <datafield tag="700" ind1=" " ind2=" ">
    <subfield code="a">Swartzwelder, Scott</subfield>
    <subfield code="e">autor</subfield>
  </datafield>
  <datafield tag="700" ind1=" " ind2=" ">
    <subfield code="a">Wilson, Wilkie</subfield>
    <subfield code="e">autor</subfield>
  </datafield>
  <datafield tag="700" ind1="1" ind2=" ">
    <subfield code="a">Rea, Colorinda</subfield>
    <subfield code="e">traductor</subfield>
  </datafield>
  <datafield tag="942" ind1=" " ind2=" ">
    <subfield code="c">LB</subfield>
    <subfield code="2">lcc</subfield>
  </datafield>
</record>
